000 00861nam a2200265 a 4500
001 50512
003 BD-RjUL
005 20211209075524.0
008 160827s1960 enk 001 0 eng d
035 _a(BD-RjUL) 50632
_aOCLC ocm09417128 from D970808M
040 _aCOD
_cCOD
_dOCL
_dCOD
_dUKM
_dEQO
_dBD-RjUL
_beng
041 _aeng
082 0 4 _223
_a513.5
_bCRA 1960
100 1 _aCrowder, Norman A.
_920000
245 1 4 _aThe arithmetic of computers :
_ban introduction to binary and octal mathematics /
_cNorman A. Crowder
260 _aLondon :
_bEnglish Universites Press,
_cc1960
300 _avii, 472 p. ;
_c21 cm.
490 1 _aA Tutortext
500 _aIncludes index.
650 0 _aMathematics
_vProblems, exercises, etc.
_919264
650 0 _aNumeration.
_920001
650 0 _aComputers.
_920002
830 0 _aA Tutortext
_9158441
942 _2ddc
_cBK
999 _c50512
_d50512